000 00662nam a2200253Ia 4500
003 OSt
005 20221007105403.0
006 a|||||r|||| 00| 0
007 ta
008 221006b |||||||| |||| 00| 0 eng d
024 _a18,428
037 _cTextual
040 _aLCO
_cLCO
_beng
041 _2eng
_aeng
082 _aZ2,2675, K1
100 _aKulshreshtha V.D
_9242124
245 0 _aTrade and Merchandise Marks Act,1958
250 _a1st
260 _aLucknow
_bEastern Book Company India
_c1961
300 _aVarious
650 _aTRADE MARKS
942 _hZ2,2675, K1
_cTEXL
999 _c1187991
_d1187991